Síntesis grafológica (Record no. 9889)

MARC details
000 -LEADER
fixed length control field 00425nam a22001457a 4500
008 - FIXED-LENGTH DATA ELEMENTS--GENERAL INFORMATION
fixed length control field 110627t ag||||| |||| 00| 0spad
020 ## - INTERNATIONAL STANDARD BOOK NUMBER
International Standard Book Number 9501704661
100 1# - MAIN ENTRY--PERSONAL NAME
Personal name Tramonte, Alfredo S.
245 10 - TITLE STATEMENT
Title Síntesis grafológica
Statement of responsibility, etc Alfredo S. Tramonte
250 ## - EDITION STATEMENT
Edition statement 1a ed.
260 ## - PUBLICATION, DISTRIBUTION, ETC. (IMPRINT)
Place of publication, distribution, etc Buenos Aires, Argentina :
Name of publisher, distributor, etc Kier S. A.
Date of publication, distribution, etc c1999
300 ## - PHYSICAL DESCRIPTION
Extent 141 p. ;
Other physical details Ils. ;
Dimensions 20 cm.
650 #4 - SUBJECT ADDED ENTRY--TOPICAL TERM
Topical term or geographic name as entry element Grafológia
General subdivision Psicología humana
942 ## - ADDED ENTRY ELEMENTS (KOHA)
Source of classification or shelving scheme Clasificación Decimal Dewey
Koha item type Libro
Holdings
Estado de pérdida Fuente de clasificación Estado del daño No para préstamo Ubicación permanente Ubicación actual Apartado o colección Fecha de adquisición Edición Área del conocimiento Clasificación Código de Barras Date last seen Número de copia Costo por reposición Tipo de recurso
  Biblioteca del Cogreso de los Estados Unidos     Biblioteca de la Facultad de Psicología Biblioteca de la Facultad de Psicología General 27/06/2011 1a. ed. Ciencias de la Salud BF895 T73 1999 BFP000002933 27/06/2011 C:1 1.00 Libro